000 00925nam a2200253 4500
005 20090922123048.0
008 700624s1969 ii | b 00| 0beng
010 _aB-358125
020 _a8189696025
_c150.00
035 _aB-358125
037 _bDBAD / PUB
040 _adpl
_bEnglish
082 _a921
100 _aBhatia, Roshi
245 _aSarojini Naidu /
_cby Roshi Bhatia; illustrated by Shankar Nayak
260 _aDelhi
_bKala Sahitya Sansthan
_c2007
270 _a430, First Floor, Maharam Mohalla, Shahdara,
_bDelhi
_e110032
300 _a104p. :
_c22cm(Hb)
_bill.
650 _aNaidu, Sarojini
_d1879-1949
650 _aWoman social reformers
_xBiography
_zIndia
700 _aNayak, Shankar
942 _2ddc
_cCH
_h921
_mNAI
999 _c30546
_d30546